| 000 | 00367nam a2200133Ia 4500 | ||
|---|---|---|---|
| 008 | 240624s9999 xx 000 0 und d | ||
| 041 | _aeng | ||
| 082 | _a658.4092 BLA | ||
| 100 | _aBLANCHARD KEN | ||
| 245 | _aGREAT LEADERS GROW BECOMING A LEADER FOR | ||
| 260 |
_c2012 _aSan Francisco _bBerrett-Koehler Publishers |
||
| 300 | _aviii, 128 p.; 23 cm. | ||
| 365 |
_c _b38 |
||
| 999 |
_c30545 _d30545 |
||